Draw the Blink-182 logo - Statistics

General Stats
  • This quiz has been taken 275 times
  • The average score is 6 of 10
Answers on the Map
Answers color-coded by a green-red scale on the quiz's map according to % correct below.
 
Answer Stats
Hint Answer % Correct
Current Members Travis Barker
89%
Hit song with music video that parodies boy bands All the Small Things
87%
Current Members Tom Delonge
80%
Current Members Mark Hoppus
76%
Song that references the movie The Nightmare Before Christmas I Miss You
67%
Past Members Matt Skiba
55%
1999 film they made a cameo appearance in American Pie
54%
Origin/ Home Town Poway, CA, USA
50%
Past Members Scott Raynor
47%
Song featured in the Madden NFL 2004 video game Feeling This
38%
No matching quizzes found
Score Distribution
Percent of People with Each Score
Percentile by Number Answered
Your Score History
You have not taken this quiz